| 000 | 00528nam a22001937a 4500 | ||
|---|---|---|---|
| 003 | SISC | ||
| 005 | 20180824164029.0 | ||
| 008 | 180824b xxu||||| |||| 00| 0 eng d | ||
| 020 | _a9781119062493 | ||
| 050 |
_aDS 525 _b.F63 2017 |
||
| 100 | _aChurch, Peter | ||
| 245 |
_aA short history of south-east Asia / _cPeter Church |
||
| 250 | _a6th edition | ||
| 260 |
_aSingapore : _bWiley, _cc2017. |
||
| 300 |
_a225 pages : _bmaps, illustrations ; _c22 cm. |
||
| 500 | _aIncludes index. | ||
| 942 |
_2lcc _cBK |
||
| 999 |
_c358353 _d358353 |
||